"Stan"-loppuiset valtiot kartalla - Statistics

Yleistilastot
  • Tätä visaa on pelattu 1 482 kertaa
  • Keskiarvotulos 5 / 6
Vastaukset kartalla
Vastauksille on annettu kartalla punavihreä väri sen mukaan, kuinka moni on saanut sen oikein.
 
Vastaustilastot
Vastaus % Oikein
Kazakstan
94%
Pakistan
84%
Afganistan
80%
Tadžikistan
77%
Turkmenistan
70%
Uzbekistan
63%
Ehtoja vastaavia visoja ei löytynyt
Tulosjakauma
Jokaisen tuloksen saaneiden osuus
Persentiili vastausten määrän mukaan
Tuloshistoriasi
Et ole pelannut tätä visaa